| 000 | 00847nas a2200301 4500 | ||
|---|---|---|---|
| 001 | BR0804201 | ||
| 003 | BR-BrBNA | ||
| 005 | 20231205112326.0 | ||
| 007 | ta | ||
| 008 | 230509b bl.|||p| |||| 00| 00por d | ||
| 040 |
_aBR-BrBNA _bpor _cBiblioteca Nacional de Agricultura |
||
| 041 | _a(Pt) | ||
| 072 | _aE70 | ||
| 100 | 1 | _aSchüttel, M. | |
| 245 | 1 | _aANUGA, colônia (Alemanha), outubro de 2007: um olhar crítico sobre a maior feira de alimentos do mundo | |
| 650 | _aALIMENTO | ||
| 650 | _aFEIRA | ||
| 650 | _aCARNE | ||
| 650 | _aBOVINO | ||
| 650 | _aLEITE | ||
| 650 | _aMERCADO MUNDIAL | ||
| 650 | _aPREÇO | ||
| 650 | _aEXPORTAÇÃO | ||
| 650 | _aTAXA | ||
| 773 | 0 |
_tHigiene Alimentar (Brazil) _xISSN 0101-9171 _g(Dec 2007), v. 21(157) p. 14 _wBR0804201 |
|
| 909 |
_a202311 _bLúcia _c55 _dLúcia Elande |
||
| 942 |
_2AGRIS _n0 _cANA |
||
| 999 |
_c197444 _d197444 |
||